#2 Men's Tennis Player from Each Country by Picture - Statistics

General Stats
  • This quiz has been taken 51 times
    8 since last reset
  • The average score is 17 of 81
Answer Stats
Picture Hint Answer % Correct
Spain ๐Ÿ‡ช๐Ÿ‡ธ (#20) Alejandro Davidovich Fokina
100%
Russia ๐Ÿ‡ท๐Ÿ‡บ (#14) Andrey Rublev
100%
USA ๐Ÿ‡บ๐Ÿ‡ธ (#6) Ben Shelton
100%
UK ๐Ÿ‡ฌ๐Ÿ‡ง (#34) Cameron Norrie
100%
Belgium ๐Ÿ‡ง๐Ÿ‡ช (#87) David Goffin
100%
Canada ๐Ÿ‡จ๐Ÿ‡ฆ (#26) Denis Shapovalov
100%
Poland ๐Ÿ‡ต๐Ÿ‡ฑ (#72) Hubert Hurkacz
100%
Czech Republic ๐Ÿ‡จ๐Ÿ‡ฟ (#17) Jakub Menลกรญk
100%
Italy ๐Ÿ‡ฎ๐Ÿ‡น (#9) Lorenzo Musetti
100%
France ๐Ÿ‡ซ๐Ÿ‡ท (#24) Ugo Humbert
100%
Australia ๐Ÿ‡ฆ๐Ÿ‡บ (#40) Alexei Popyrin
83%
Croatia ๐Ÿ‡ญ๐Ÿ‡ท (#107) Borna Coric
67%
Argentina ๐Ÿ‡ฆ๐Ÿ‡ท (#41) Sebastian Baez
67%
Netherlands ๐Ÿ‡ณ๐Ÿ‡ฑ (#79) Jesper de Jong
50%
Hungary ๐Ÿ‡ญ๐Ÿ‡บ (#59) Mรกrton Fucsovics
50%
Brazil ๐Ÿ‡ง๐Ÿ‡ท (#146) Thiago Seyboth Wild
50%
Kazakhstan ๐Ÿ‡ฐ๐Ÿ‡ฟ (#97) Alexander Shevchenko
33%
Chile ๐Ÿ‡จ๐Ÿ‡ฑ (#124) Cristian Garin
33%
Germany ๐Ÿ‡ฉ๐Ÿ‡ช (#50) Daniel Altmaier
33%
Portugal ๐Ÿ‡ต๐Ÿ‡น (#115) Jaime Faria
33%
Serbia ๐Ÿ‡ท๐Ÿ‡ธ (#47) Miomir Kecmanoviฤ‡
33%
Austria ๐Ÿ‡ฆ๐Ÿ‡น (#139) Sebastian Ofner
33%
Slovakia ๐Ÿ‡ธ๐Ÿ‡ฐ(#201) Alex Molcan
17%
Tunisia ๐Ÿ‡น๐Ÿ‡ณ (#212) Aziz Dougaz
17%
Lebanon ๐Ÿ‡ฑ๐Ÿ‡ง (#196) Benjamin Hassan
17%
China ๐Ÿ‡จ๐Ÿ‡ณ (#137) Juncheng Shang
17%
Norway ๐Ÿ‡ณ๐Ÿ‡ด (#159) Nicolai Budkov Kjรฆr
17%
South Korea ๐Ÿ‡ฐ๐Ÿ‡ท (#349) Sanhui Shin
17%
Bulgaria ๐Ÿ‡ง๐Ÿ‡ฌ (#260) Adrian Andreev
0%
Mexico ๐Ÿ‡ฒ๐Ÿ‡ฝ (#458) Alex Hernandez
0%
Luxembourg ๐Ÿ‡ฑ๐Ÿ‡บ (#668) Alex Knaff
0%
Egypt ๐Ÿ‡ช๐Ÿ‡ฌ (#725) Amr Elsayed
0%
Cyprus ๐Ÿ‡จ๐Ÿ‡พ (#1,198) Andreas Timini
0%
Ecuador ๐Ÿ‡ช๐Ÿ‡จ (#344) Andres Andrade
0%
India ๐Ÿ‡ฎ๐Ÿ‡ณ (#401) Aryan Shaw
0%
Hong Kong ๐Ÿ‡ญ๐Ÿ‡ฐ (#T1,506) Chun Ming Gary Yam
0%
Zimbabwe ๐Ÿ‡ฟ๐Ÿ‡ผ (#T1,904) Courtney John Lock
0%
Israel ๐Ÿ‡ฎ๐Ÿ‡ฑ (#874) dAmit Vales
0%
Estonia ๐Ÿ‡ช๐Ÿ‡ช (#304) Daniil Glinka
0%
Barbados ๐Ÿ‡ง๐Ÿ‡ง (#T2,118) Darian King
0%
Malaysia ๐Ÿ‡ฒ๐Ÿ‡พ (#T1,528) Darrshan Suresh
0%
El Salvador ๐Ÿ‡ธ๐Ÿ‡ป (#T1,658) Diego Curan
0%
Lithuania ๐Ÿ‡ฑ๐Ÿ‡น (#234) Edas Butvilas
0%
Finland ๐Ÿ‡ซ๐Ÿ‡ฎ (#504) Eero Vasa
0%
Denmark ๐Ÿ‡ฉ๐Ÿ‡ฐ (#113) Elmer Mรธller
0%
Turkey ๐Ÿ‡น๐Ÿ‡ท (#479) Ergi Kirkin
0%
Belarus ๐Ÿ‡ง๐Ÿ‡พ (#560) Erik Arutiunian
0%
Kuwait ๐Ÿ‡ฐ๐Ÿ‡ผ (#T2,150) Essa Qabazard
0%
Slovenia ๐Ÿ‡ธ๐Ÿ‡ฎ (#613) Filip Jeff Planinsek
0%
Romania ๐Ÿ‡ท๐Ÿ‡ด (#362) Gabi Adrian Boitan
0%
Peru ๐Ÿ‡ต๐Ÿ‡ช (#209) Gonzalo Bueno
0%
North Macedonia ๐Ÿ‡ฒ๐Ÿ‡ฐ (#2,178) Gorazd Srbljak
0%
Paraguay ๐Ÿ‡ต๐Ÿ‡พ (#T1,297) Hernando Jose Escurra Isnardi
0%
Venezuela ๐Ÿ‡ป๐Ÿ‡ช (#925) Ignacio Parisca Romera
0%
Moldova ๐Ÿ‡ฒ๐Ÿ‡ฉ (#775) Ilya Snitari
0%
New Zealand ๐Ÿ‡ณ๐Ÿ‡ฟ (#569) James Watt
0%
Guadeloupe ๐Ÿ‡ฌ๐Ÿ‡ต (#T1,904) Jean-Christian Morandais
0%
Switzerland ๐Ÿ‡จ๐Ÿ‡ญ (#155) Jerome Kym
0%
Uruguay ๐Ÿ‡บ๐Ÿ‡พ (#803) Joaquin Aguilar Cardozo
0%
Indonesia ๐Ÿ‡ฎ๐Ÿ‡ฉ (#1,085) Justin Barki
0%
Latvia ๐Ÿ‡ฑ๐Ÿ‡ป (#T1,091) Kฤrlis Ozoliล†ลก
0%
Iran ๐Ÿ‡ฎ๐Ÿ‡ท (#917) Kasra Rahmani
0%
Thailand ๐Ÿ‡น๐Ÿ‡ญ (#374) Maximus Jones
0%
Jordan ๐Ÿ‡ฏ๐Ÿ‡ด (#T1,454) Mousa Alkotop
0%
Bolivia ๐Ÿ‡ง๐Ÿ‡ด (#268) Murkel Dellien
0%
Bosnia & Herzegovina ๐Ÿ‡ง๐Ÿ‡ฆ(#239) Nerman Fatiฤ‡
0%
Colombia ๐Ÿ‡จ๐Ÿ‡ด (#200) Nicolรกs Mejรญa
0%
Ukraine ๐Ÿ‡บ๐Ÿ‡ฆ (#329) Oleg Prihodko
0%
Sweden ๐Ÿ‡ธ๐Ÿ‡ช (#461) Olle Wallin
0%
Dominican Republic ๐Ÿ‡ฉ๐Ÿ‡ด (#655) Peter Bertran
0%
Ireland ๐Ÿ‡ฎ๐Ÿ‡ช (#920) Peter Buldorini
0%
South Africa ๐Ÿ‡ฟ๐Ÿ‡ฆ (#371) Philip Henning
0%
Morocco ๐Ÿ‡ฒ๐Ÿ‡ฆ (#734) Reda Bennani
0%
Bermuda ๐Ÿ‡ง๐Ÿ‡ฒ (#T,815) Richard Mallory
0%
Costa Rica ๐Ÿ‡จ๐Ÿ‡ท (#T1,389) Rodrigo Crespo Piedra
0%
Philippines ๐Ÿ‡ต๐Ÿ‡ญ (#T,815) Ryan Torres
0%
Georgia ๐Ÿ‡ฌ๐Ÿ‡ช (#275) Saba Purtseladze
0%
Uzbekistan ๐Ÿ‡บ๐Ÿ‡ฟ (#492) Sergey Fomin
0%
Japan ๐Ÿ‡ฏ๐Ÿ‡ต (#104) Shintaro Mochizuki
0%
Greece ๐Ÿ‡ฌ๐Ÿ‡ท (#286) Stefanos Sakellaridis
0%
Taiwan ๐Ÿ‡น๐Ÿ‡ผ (#241) Yu Hsiou Hsu
0%
No matching quizzes found
Score Distribution
Percent of People with Each Score
Percentile by Number Answered
Your Score History
You have not taken this quiz since the last reset